000 00551nam a2200205Ia 4500
005 20250326142503.0
008 250326s9999 xx 000 0 und d
020 _a1-55786-843-3
037 _aTextbook
040 _aFMSL
_beng
_cFMSL
041 _aeng
_2eng
084 _aX:8D N6
_qFMSL
100 _aKolb R W
_9295697
245 0 _aFicial management
_cKolb R W; Rodriguez R
250 _a2
260 _aUnited Kingdom
_bUnited Kingdom, Blackwell
_c1996
300 _axxv,443
942 _cTB
_hX:8D N6
999 _c1295261
_d1295261